Library Logo

Pioneer International University Library Catalogue

ANTHROPOLOGY (Record no. 6456)

MARC details
000 -LEADER
fixed length control field 00265nam a22000977a 4500
005 - DATE AND TIME OF LATEST TRANSACTION
control field 20250901165610.0
008 - FIXED-LENGTH DATA ELEMENTS--GENERAL INFORMATION
fixed length control field 240212b |||||||| |||| 00| 0 eng d
050 ## - LIBRARY OF CONGRESS CALL NUMBER
Classification number GN25.E45 1973
245 ## - TITLE STATEMENT
Title ANTHROPOLOGY
Statement of responsibility, etc. Ember, Carol R.
942 ## - ADDED ENTRY ELEMENTS (KOHA)
Source of classification or shelving scheme Library of Congress Classification
Classification part GN25.E45 1973
Holdings
Withdrawn status Lost status Source of classification or shelving scheme Damaged status Not for loan Home library Current library Shelving location Date acquired Total checkouts Full call number Barcode Date last seen Price effective from Koha item type
    Library of Congress Classification     Main Library Main Library   02/12/2024   GN25.E45 1973 PIU0010344 02/12/2024 02/12/2024 Books